000 00494nam a22001817a 4500
003 UA-OsUOA
001 7434
007 ta
008 20040617b un ||||| |||| 00| 0 ukr d
100 _aЛівицька - Холодна Наталія
942 _cSA
040 _aUA-OsUOA
_cUA-OsUOA
_dUA-OsUOA
245 _aПоезія
300 _aС.7
955 _a0
773 0 _w0
_tЛітературна Украіна
_dКиїв
_d2004
_g№22
650 7 _aХудожня література
_2UDC
999 _c293595
_d293595